Clubs Represented at the 2022 FIFA World Cup - Statistics

General Stats
  • This quiz has been taken 905 times
  • The average score is 64 of 292
Answer Stats
# of Players Country Answer % Correct
17 Spain Barcelona
97%
16 Germany Bayern Munich
96%
16 England Manchester City
95%
12 Spain Real Madrid
95%
14 England Manchester United
94%
12 England Chelsea
88%
11 France Paris Saint-Germain
88%
11 Germany Borussia Dortmund
86%
7 England Liverpool
86%
10 England Arsenal
85%
12 Spain Atletico Madrid
84%
11 Netherlands Ajax
83%
11 England Tottenham Hotspur
83%
11 Italy Juventus
82%
7 Italy AC Milan
81%
4 England Aston Villa
70%
5 France Marseille
70%
10 Spain Sevilla
69%
6 Italy Internazionale
68%
2 France Lyon
67%
5 England Newcastle United
66%
4 Spain Valencia
64%
6 Portugal Porto
63%
8 Belgium Club Brugge
62%
4 England Everton
61%
4 Italy Roma
61%
7 England Leicester City
59%
6 Portugal Benfica
58%
5 Italy Napoli
58%
4 Netherlands PSV Eindhoven
58%
5 England West Ham United
58%
8 England Brighton & Hove Albion
56%
2 France Lille
56%
6 France Monaco
54%
5 Turkey Galatasaray
53%
5 England Wolverhampton Wanderers
52%
4 Scotland Celtic
51%
2 England Queens Park Rangers
51%
2 England Southampton
51%
2 Italy Lazio
49%
3 Spain Athletic Bilbao
48%
5 England Nottingham Forest
48%
7 Germany Eintracht Frankfurt
47%
1 Scotland Rangers
47%
2 England Crystal Palace
46%
7 Germany RB Leipzig
45%
7 Saudi Arabia Al-Nassr
44%
3 Belgium Anderlecht
44%
6 England Fulham
44%
4 Greece Olympiacos
44%
2 Wales Cardiff City
43%
3 England Leeds United
42%
2 France Nice
42%
3 Netherlands Feyenoord
41%
12 Saudi Arabia Al Hilal
40%
2 England Bournemouth
40%
5 Croatia Dinamo Zagreb
40%
3 Wales Swansea City
40%
6 England Brentford
39%
5 Spain Real Betis
39%
1 Germany Schalke 04
39%
1 France Nantes
37%
2 Switzerland Basel
36%
4 Italy Fiorentina
36%
2 Argentina River Plate
36%
1 Germany 1. FC Koln
35%
4 Turkey Besiktas
35%
6 Germany Borussia Monchengladbach
35%
3 Denmark Copenhagen
35%
2 Turkey Fenerbahce
35%
1 England Norwich City
35%
8 France Rennes
35%
3 Germany VfB Stuttgart
35%
3 Switzerland Young Boys
35%
4 Italy Atalanta
34%
1 USA LA Galaxy
34%
3 Germany VfL Wolfsburg
34%
2 England Burnley
33%
3 Belgium Genk
33%
1 Germany Hertha BSC
33%
2 Germany Werder Bremen
33%
5 Italy Torino
32%
2 Portugal Braga
31%
1 Germany Union Berlin
31%
3 Belgium Antwerp
30%
1 Belgium Gent
30%
2 England Sheffield United
30%
2 England Sunderland
30%
5 Spain Villareal
29%
4 Germany Bayer Leverkusen
28%
2 England Birmingham City
28%
1 Spain Espanyol
28%
1 Croatia Hajduk Split
28%
2 Italy Bologna
27%
3 France Lens
27%
2 Spain Celta Vigo
26%
6 Canada CF Montreal
26%
2 France Montpellier
26%
1 England Watford
26%
3 Italy Sampdoria
25%
2 France Strasbourg
25%
5 Greece AEK Athens
24%
2 Spain Getafe
24%
5 Germany SC Freiburg
24%
1 Italy Udinese
24%
4 Brazil Flamengo
23%
1 Germany Hannover 96
23%
1 France Reims
23%
2 Spain Mallorca
22%
2 Germany 1899 Hoffenheim
21%
1 England Bristol City
21%
1 England Middlesbrough
21%
1 Brazil Sao Paulo
21%
1 England Stoke City
21%
3 Germany FC Augsburg
20%
3 Serbia Red Star Belgrade
20%
1 France Brest
19%
1 Greece PAOK
19%
1 England Portsmouth
19%
3 Canada Toronto FC
19%
4 Saudi Arabia Al-Ahli
18%
15 Qatar Al-Sadd
18%
1 USA Inter Miami CF
18%
5 Mexico Monterrey
18%
2 Saudi Arabia Al-Ittihad
17%
3 Mexico America
17%
1 Germany Fortuna Dusseldorf
17%
2 Poland Legia Warsaw
17%
2 Turkey Trabzonspor
17%
1 Egypt Al Ahly
16%
1 Italy Bari
16%
2 England Luton Town
16%
2 Spain Osasuna
16%
3 England Reading
16%
1 Italy Sassuolo
16%
1 Belgium Standard Liege
16%
2 France Angers
15%
1 France Auxerre
15%
2 Mexico Guadalajara
15%
1 Brazil Palmeiras
15%
4 Austria Red Bull Salzburg
15%
2 Spain Valladolid
15%
1 Spain Cadiz
14%
1 USA New York Red Bulls
14%
1 Spain Rayo Vallecano
14%
4 Italy Hellas Verona
13%
1 England Huddersfield Town
13%
5 USA Los Angeles FC
13%
1 Germany VfL Bochum
12%
1 Spain Almeria
11%
1 France Lorient
11%
3 Uruguay Nacional
11%
1 Australia Sydney FC
11%
7 Qatar Al-Duhail
10%
5 Saudi Arabia Al-Shabab
10%
2 Denmark Brondby
10%
1 Belgium Charleroi
10%
3 Mexico Cruz Azul
10%
2 Scotland Dundee United
10%
1 Hungary Ferencvaros
10%
3 Australia Melbourne City
10%
3 Italy Salernitana
10%
1 Russia Zenit Saint Petersberg
10%
1 Poland Lech Poznan
9%
2 Qatar Al-Rayyan
8%
1 France Amiens
8%
1 Turkey Antalyaspor
8%
1 Italy Brescia
8%
1 Belgium Cercle Brugge
8%
1 Argentina Independiente
8%
3 Mexico Leon
8%
2 USA Nashville
8%
1 Argentina Newell's Old Boys
8%
4 Iran Persepolis
8%
2 Italy Spezia
8%
4 Portugal Sporting CP
8%
2 France Clermont
7%
1 USA Columbus Crew
7%
1 USA FC Dallas
7%
1 Germany FC St. Pauli
7%
1 Netherlands Heerenveen
7%
1 USA New York City FC
7%
1 USA Real Salt Lake
7%
2 France Troyes
7%
1 France Caen
6%
1 Spain Leganes
6%
1 Switzerland Lugano
6%
1 Croatia Osijek
6%
3 Mexico Pachuca
6%
3 Costa Rica Saprissa
6%
1 England Swindon Town
6%
1 Australia Adelaide United
5%
1 England AFC Wimbledon
5%
1 Saudi Arabia Al-Ettifaq
5%
1 Italy Benevento
5%
3 Australia Central Coast Mariners
5%
1 Italy Cremonese
5%
1 Russia Dynamo Moscow
5%
2 South Korea FC Seoul
5%
2 Switzerland Luzern
5%
1 Belgium Mechelen
5%
1 USA Philadelphia Union
5%
1 Switzerland St Gallen
5%
1 Scotland St Mirren
5%
1 Mexico UNAM
5%
1 Egypt Zamalek
5%
3 Costa Rica Alajuelense
4%
2 Qatar Al-Arabi
4%
3 Qatar Al-Gharafa
4%
1 Greece Aris
4%
1 Japan FC Tokyo
4%
3 Scotland Heart of Midlothian
4%
6 Costa Rica Herediano
4%
1 Turkey Konyaspor
4%
3 Germany Mainz 05
4%
1 England Milton Keynes Dons
4%
1 Cyprus Omonia
4%
1 Qatar Qatar SC
4%
3 South Korea Ulsan Hyundai
4%
1 Turkey Alanyaspor
3%
1 Saudi Arabia Al-Fateh
3%
1 Qatar Al-Wakrah
3%
1 USA Charlotte FC
3%
1 Belgium Eupen
3%
1 USA FC Cincinnati
3%
1 Japan Gamba Osaka
3%
1 Ecuador Independiente del Valle
3%
1 Mexico Juarez
3%
2 Turkey Kayserispor
3%
1 Ecuador LDU Quito
3%
1 Japan Nagoya Grampus
3%
2 Mexico Santos Laguna
3%
1 Belgium Sint-Truiden
3%
1 Scotland St Johnstone
3%
1 Japan Urawa Red Diamonds
3%
1 Argentina Velez Sarsfield
3%
2 Saudi Arabia Al-Wehda
2%
1 Brazil Athletico Paranaense
2%
1 Ecuador Aucas
2%
1 USA Chicago Fire FC
2%
1 Belgium Deinze
2%
3 Tunisia Esperance de Tunis
2%
3 Iran Esteghal
2%
1 Turkey Hatayspor
2%
1 Ghana Hearts of Oak
2%
1 USA Houston Dynamo FC
2%
6 South Korea Jeonbuk Hyundai Motors
2%
2 Japan Kawasaki Frontale
2%
2 Kuwait Kuwait SC
2%
1 Spain Lugo
2%
1 Colombia Millonarios
2%
1 USA Minnesota United FC
2%
1 Cyprus Pafos
2%
1 Poland Pogon Szczecin
2%
4 USA Seattle Sounders FC
2%
1 China Shanghai Shenhua
2%
1 Argentina Talleres
2%
1 France Tolouse
2%
1 Canada Vancouver Whitecaps FC
2%
2 Saudi Arabia Abha
1%
4 Qatar Al-Ahli (Doha)
1%
1 Japan Albirex Niigata
1%
1 Saudi Arabia Al-Tai
1%
1 Ghana Asante Kotoko
1%
1 Greece Atromitos
1%
1 Croatia Cartagines
1%
2 Tunisia Club Africain
1%
1 Cameroon Colombe Sportive
1%
1 Cameroon Coton Sport
1%
1 Tunisia CS Sfaxien
1%
1 South Korea Daegu FC
1%
1 Tunisia Etoile du Sahel
1%
1 Japan Fagiano Okayama
1%
1 South Korea Gimcheon Sangmu
1%
1 Croatia Guanacasteca
1%
1 Ecuador Imbabura
1%
1 Croatia Municipal Grecia
1%
2 Denmark OB
1%
1 USA Orlando City SC
1%
1 Greece Panetolikos
1%
1 Spain Ponferradina
1%
1 Croatia Puntarenas
1%
1 Croatia San Carlos
1%
2 Iran Sepahan
1%
1 UAE Shabab Al-Ahli
1%
1 China Shandong Taishan
1%
1 Japan Shimizu S-Pulse
1%
1 Japan Shonan Bellmare
1%
1 Denmark Vejle
1%
3 Morocco Wydad AC
1%
1 South Korea Daejeon Hana Citizen
0%
1 Tunisia US Monastir
0%
No matching quizzes found
Score Distribution
Percent of People with Each Score
Percentile by Number Answered
Your Score History
You have not taken this quiz